01362nab a22002297a 4500003000400000005001700004008004100021040000700062100002900069245013900098260007200237300001300309500003900322505033800361505011300699505008900812650002000901650002400921650003800945650001200983773013700995OSt20260118212558.0190605e xxu||||| |||| 00| 0 spa d cPJ aVerrone, Pablo Martín 10aDe la ficción del mutuo acuerdo a la realidad del despido encubierto. Cuando el convenio revela el vicio /cPablo Martín Verrone.  aCiudad Autónoma de Buenos Aires :bThomson Reuters La Ley,c2025. ap. 93-95 aCita: TR LALEY AR/DOC/2741/2025.  aSumario: I. Introducción: cuando el ropaje legal no alcanza para ocultar la verdad.— II. El art. 241 LCT y sus condiciones de validez.— III. El caso: el acuerdo como imposición disfrazada.— IV. La sentencia: una disección jurídica del consentimiento viciado.— V. Reflexión final: cuando el acuerdo no es tan mutuo.  aFallo comentado: CNTrab., sala VIII ~ 27/08/2025 ~ Palermo, Luciano Pablo c. LAN Argentina S.A. s/ despido. t¿Te interesa el texto completo? Solicitalo al correo: koha@justierradelfuego.gov.ar 0aDERECHO LABORAL 0aCONTRATO DE TRABAJO 0aEXTINCION DEL CONTRATO DE TRABAJO 0aDESPIDO0 02711dCiudad Autónoma de Buenos Aires : Thomson Reuters La Ley, 1999-2002.tRevista de derecho del trabajo. Nº 6 - Noviembre 2025